Giant Octopus to the Rescue / (Record no. 4503)

MARC details
000 -LEADER
fixed length control field 00932nam a22002897a 4500
001 - CONTROL NUMBER
control field 4503
003 - CONTROL NUMBER IDENTIFIER
control field FISKH
005 - DATE AND TIME OF LATEST TRANSACTION
control field 20240912114124.0
008 - FIXED-LENGTH DATA ELEMENTS--GENERAL INFORMATION
fixed length control field 240912b cb ||||| |||| 00| 0 eng d
020 ## - INTERNATIONAL STANDARD BOOK NUMBER
International Standard Book Number 9781416968764
040 ## - CATALOGING SOURCE
Original cataloging agency FISKH
Language of cataloging eng
Transcribing agency FISKH
Modifying agency FISKH
050 ## - LIBRARY OF CONGRESS CALL NUMBER
Classification number PZ7.I355
082 ## - DEWEY DECIMAL CLASSIFICATION NUMBER
Classification number 108
100 ## - MAIN ENTRY--PERSONAL NAME
Personal name Inches, Alison
Relator term author
245 ## - TITLE STATEMENT
Title Giant Octopus to the Rescue /
Statement of responsibility, etc. adapted by Alison Inches : illustrated by Art Wawhinney
260 ## - PUBLICATION, DISTRIBUTION, ETC.
Place of publication, distribution, etc. New York :
Name of publisher, distributor, etc. Simon Spotlight ;
Date of publication, distribution, etc. 2009.
300 ## - PHYSICAL DESCRIPTION
Extent 24 pages :
Other physical details color illustrations ;
Dimensions 24 cm .
490 ## - SERIES STATEMENT
Series statement READ-TO-READ
505 ## - FORMATTED CONTENTS NOTE
Formatted contents note F <br/>
520 ## - SUMMARY, ETC.
Summary, etc. "Diego and Giant Octopus need your help to rescue sea animals from underwater volcanoes!"-- p. 4 of cover.
521 8# - TARGET AUDIENCE NOTE
Target audience note 380 <br/>
Source Lexile estimate <br/>
521 8# - TARGET AUDIENCE NOTE
Target audience note F <br/>
Source Raz-Plus <br/>
650 ## - SUBJECT ADDED ENTRY--TOPICAL TERM
Topical term or geographic name entry element ocean
Form subdivision early reader
700 ## - ADDED ENTRY--PERSONAL NAME
Personal name Mawhinney, Art
Relator term illustrator
942 ## - ADDED ENTRY ELEMENTS (KOHA)
Source of classification or shelving scheme Dewey Decimal Classification
Koha item type Books
Suppress in OPAC No
Holdings
Withdrawn status Lost status Source of classification or shelving scheme Damaged status Not for loan Collection Home library Current library Shelving location Date acquired Total Checkouts Full call number Barcode Date last seen Copy number Price effective from Koha item type Date due Date last checked out
    Dewey Decimal Classification     Juvenile Fiction Footprints International School Library Network Toul Kork Campus Footprints International School Library Network Toul Kork Campus TK Primary Library Room(4th Floor), Bookcase 1&2, Shelves 1-16, Dark Blue Books 04/29/2025 2 INC 108 PZ7.I355 FISTK01094 04/23/2026 2 04/29/2025 Books 05/07/2026 04/23/2026
    Dewey Decimal Classification     Juvenile Fiction Footprints International School Library Network Toul Tom Poung Campus Footprints International School Library Network Toul Tom Poung Campus TTP Primary Dark Blue Bookshelves 09/12/2024   INC 108 PZ7.I355 FIS02645 09/12/2024 1 09/12/2024 Books